| 000 | 00718nam a2200217 i 4500 | ||
|---|---|---|---|
| 001 | 116451 | ||
| 003 | ES-MaACL | ||
| 005 | 20230906190717.0 | ||
| 007 | t| | ||
| 008 | 061121s1958 sp r ||||1| spa d | ||
| 100 | 1 |
_aOstrovskiï, Aleksandr Nikolaevich ( _d1823-1886) _9161272 |
|
| 245 | 1 | 0 |
_aTeatro escogido / _cAleksandr Nicolaevich Ostrovski ; traducción del ruso y prólogo de Andrés Fierro Menu. |
| 260 |
_aMadrid : _bAguilar, _c1958. |
||
| 300 |
_a453 p. ; _c12 cm. |
||
| 490 | 1 |
_aCrisol ; _v397 |
|
| 505 | 8 | _aContiene: La tormenta. El bosque. La sin dote. | |
| 700 | 1 |
_aFierro Menu, Andrés. _950718 |
|
| 830 | 0 |
_aCrisol ; _v397 _9180848 |
|
| 852 |
_aES-MaACL _jD-8378 _bR.42570 |
||
| 999 |
_c116451 _d116451 |
||